Historia de la filosofía : Romanticismo y Positivismo - Filosofía contemporánea
保存先:
| 第一著者: | |
|---|---|
| フォーマット: | 図書 |
| 言語: | Spanish |
| 出版事項: |
Barcelona, España
Montaner y Simon
1956
|
| 版: | Edición Ilustrada |
| 主題: | |
| タグ: |
タグ追加
タグなし, このレコードへの初めてのタグを付けませんか!
|
MARC
| LEADER | 00000nam a2200000Ia 4500 | ||
|---|---|---|---|
| 008 | 170316s9999 xx 000 0 spa d | ||
| 040 | |a cru BVZT | ||
| 090 | |a H-100 A-1h v.3 | ||
| 100 | |a Abbagnano, Nicolas | ||
| 245 | |a Historia de la filosofía : Romanticismo y Positivismo - Filosofía contemporánea |c Nicolas Abbagnano; Juan Estelrich, traductor | ||
| 250 | |a Edición Ilustrada | ||
| 260 | |a Barcelona, España | ||
| 260 | |b Montaner y Simon | ||
| 260 | |c 1956 | ||
| 300 | |a 544 páginas. Tomo III | ||
| 650 | |a FILOSOFÍA |9 5 | ||
| 650 | |a HISTORIA |9 90 | ||
| 650 | |a ROMANTICISMO | ||
| 650 | |a POSITIVISMO | ||
| 650 | |a FILOSOFÍA CONTEMPORÁNEA | ||
| 999 | |c 28862 |d 28862 | ||
| 942 | |c 4 D |h H-100 A-1h v.3 |2 z | ||
